Statistics for European Capital Anagram to Country

Click here to take the quiz!

General Stats

  • This quiz has been taken 38 times
  • The average score is 9 of 10

Answer Stats

Anagrammed CapitalCountry% Correct
sriapFrance
100%
emroItaly
100%
comowsRussia
100%
elinbrGermany
97%
rddimaSpain
95%
isafoBulgaria
89%
ulnibdIreland
89%
senhatGreece
86%
envainAustria
78%
slsuresbBelgium
78%

Score Distribution

Percentile by Number Answered

Percent of People with Each Score

Your Score History

You have not taken this quiz